| 000 | 00852nam a22002537a 4500 | ||
|---|---|---|---|
| 003 | DO-SdBNP | ||
| 005 | 20171206113337.0 | ||
| 008 | 161107b 200u sp a 00| 0 spa d | ||
| 020 | _a8434857510 (ediciones SM) | ||
| 020 | _a8428814600 (PPC) | ||
| 040 |
_aBPMSU _bspa _cBPMSU |
||
| 082 |
_axxxx _bxxx |
||
| 100 | 1 | _aGarcía de Dios, Joaquín María | |
| 245 | 1 | 3 |
_aEl libro de Jesús 5 / _bprimaria _cJoaquín María García de Dios, María Menéndez Ponte ; ilustrado por Fuencisla del Amo, Francisco Solé |
| 260 |
_aMadrid: _bSM, _bPPC, _c[200-]. |
||
| 300 |
_a61 p. : _bil. ; _c23 cm. |
||
| 500 | _aLibro de pasta dura. | ||
| 700 | 1 | 2 | _aMenéndez Ponte, María |
| 700 | 1 | 2 |
_aAmo, Fuencisla del _eil. |
| 700 | 1 | 2 |
_aSolé, Francisco _eil. |
| 942 |
_2ddc _cBK |
||
| 945 | _ainventariado extranjero / DG | ||
| 956 |
_aYLOCKWARD _210 _6BPMSU _8000144 |
||
| 999 |
_c12764 _d12764 |
||